Govt. of
Madhya Pradesh

50 Practice Set Mathematics (Record no. 63006)

MARC details
000 -LEADER
fixed length control field 00253nam a22001097a 4500
082 ## - DEWEY DECIMAL CLASSIFICATION NUMBER
Classification number 510
100 ## - MAIN ENTRY--AUTHOR NAME
Personal name Guider
245 ## - TITLE STATEMENT
Title 50 Practice Set Mathematics
260 ## - PUBLICATION, DISTRIBUTION, ETC. (IMPRINT)
Place of publication Meerut
Name of publisher Guider Competitive Group
Year of publication 2020
650 ## - SUBJECT ADDED ENTRY--TOPICAL TERM
Topical Term Mathe
942 ## - ADDED ENTRY ELEMENTS (KOHA)
Koha item type Books
Holdings
Withdrawn status Lost status Damaged status Not for loan Home library Current library Date acquired Cost, normal purchase price Full call number Accession Number Price effective from Koha item type
        MACL MACL 29/08/2020 225.00 510 GCLC00748 29/08/2020 Books
        MACL MACL 29/08/2020 225.00 510 GCLC00747 29/08/2020 Books